| 000 -ლიდერი |
| ფიქსირებული სიგრძის საკონტროლო ველი |
01259nam a2200205Ia 4500 |
| 001 - საკონტროლო ნომერი |
| საკონტროლო ველი |
4336 |
| 003 - საკონტროლო ნომრის იდენტიფიკატორი |
| საკონტროლო ველი |
GE_BSU |
| 005 - ბოლო ოპერაციის თარიღი და დრო |
| საკონტროლო ველი |
20191009124237.0 |
| 008 - ფიქსირებული სიგრძის მონაცემთა ელემენტები - ზოგადი ინფორმაცია |
| ფიქსირებული სიგრძის საკონტროლო ველი |
181216s1984||||ge |||||||||||||| ||geo|| |
| 040 ## - კატალოგიზაციის წყარო |
| Transcribing agency |
GE_BSU |
| 041 ## - ენის კოდი |
| Language code of text/sound track or separate title |
geo |
| 080 ## - უნივერსალური ათობითი კლასიფიკაციის ინდექსი |
| Universal Decimal Classification number |
821.353.1–91–1 ქ–27 |
| 245 ## - ცნობა სათაურის შესახებ |
| Title |
ქართული ხალხური პოეზია : |
| Remainder of title |
ტ. 11. ისტორიული ლექსები / |
| Statement of responsibility, etc |
ტომი შეადგინა, ვარიანტები და შენიშვნები დაურთო ქს. სიხარულიძემ ; გამოსაცემად მოამზადეს, საძიებლები და ლექსიკონი დაურთეს დ. გოგოჭურმა და ვ. მაცაბერიძემ.მთ. რედ. : მ. ჩიქოვანი. |
| 264 ## - წარმოების, გამოცემის, დისტრიბუციის და სხვა ცნობები |
| გამოცემის, წარმოების, დისტრიბუციის... ადგილი |
თბილისი : |
| გამოცემის, წარმოების, დისტრიბუციის... სახელწოდება |
მეცნიერება, |
| გამოცემის, წარმოების, დისტრიბუციის... თარიღი |
1984. |
| 300 ## - ფიზიკური აღწერა |
| Extent |
388 გვ.; |
| Other physical details |
22 სმ. |
| 653 ## - INDEX TERM--UNCONTROLLED |
| Uncontrolled term |
ქართული ხალხური პოეზია |
| 700 ## - ADDED ENTRY--PERSONAL NAME |
| Personal name |
ჩიქოვანი, მ. |
| Relator term |
რედაქტორი |
| 9 (RLIN) |
4652 |
| 700 ## - ADDED ENTRY--PERSONAL NAME |
| Personal name |
სიხარულიძე, ქს. |
| Relator term |
შემდგენელი |
| 9 (RLIN) |
4640 |
| 942 ## - ADDED ENTRY ELEMENTS (KOHA) |
| Koha item type |
წიგნი |
| Source of classification or shelving scheme |
|